A Szegedi Kereskedelmi és Iparkamara 1940. évi üzleti jelentése
Elmentve itt :
| Dokumentumtípus: | Cikk |
|---|---|
| Megjelent: |
1941-03-15
|
| Sorozat: | Délmagyarország
17 No. 62 |
| Kulcsszavak: | Szegedi Kereskedelmi és Iparkamara beszámoló 1940 |
| Online Access: | http://dmarchiv.bibl.u-szeged.hu/50842 |
| LEADER | 00475nab a2200145 i 4500 | ||
|---|---|---|---|
| 001 | delm50842 | ||
| 005 | 20180927134818.0 | ||
| 008 | 180927s1941 hu o 0|| hun d | ||
| 040 | |a SZTE Délmagyarország Archívum |b hun | ||
| 041 | |a hun | ||
| 245 | 0 | 2 | |a A Szegedi Kereskedelmi és Iparkamara 1940. évi üzleti jelentése |h [elektronikus dokumentum] |
| 260 | |c 1941-03-15 | ||
| 300 | |a 11 | ||
| 490 | 0 | |a Délmagyarország |v 17 No. 62 | |
| 695 | |a Szegedi Kereskedelmi és Iparkamara beszámoló 1940 | ||